Histoire des Légions polonaises en Italie, sous le commandement du général Dombrowski. (Rekord nr 27700)
| 000 -Nagłówek | |
|---|---|
| fixed length control field | 01807cam a2200505 i 4500 |
| 001 - Nr kontrolny bibl., która utworzyła rek. | |
| control field | zz2006970124 |
| 003 - Siglum bibl., której nr kontr. jest w 001 | |
| control field | NUKAT |
| 005 - Data i czas ostatniej operacji | |
| control field | 20260420063543.0 |
| 008 - Elementy pola stałej długości | |
| fixed length control field | 060621s1829 fr a |000 0dfre c |
| 035 ## - Systemowy numer kontrolny | |
| systemowy numer kontrolny | (OCoLC)830262291 |
| 035 ## - Systemowy numer kontrolny | |
| systemowy numer kontrolny | (NUKAT)zz2006970124 |
| 040 ## - Instytucja sporządzająca opis | |
| Instytucja, która sporządziła opis | WA U/76BM |
| Instytucja, która sporządziła rekord | WA U/BM |
| Instytucja, która zmodyfikowała rekord | WA U/76JM |
| -- | Ł U/MSs |
| -- | WR O/IS |
| -- | WR O/KPK |
| 041 0# - Kod nazwy języka dokumentu | |
| Język tekstu | fre |
| -- | pol |
| 044 ## - Kod kraju wydawcy lub producenta | |
| Kod kraju wydania | fr |
| -- | sz |
| 045 2# - Okres czasu dla zawartości | |
| czas między r. 9999 pne a nasz. czas. | d1797 |
| -- | d1801 |
| 046 ## - Kod rodz. daty, data1, data2 (daty pne) | |
| Begin/single date | 1829 |
| 100 1# - Hasło główne-nazwa osobowa | |
| Nazwa osobowa | Chodźko, Leonard |
| Daty biograficzne | (1800-1871). |
| 9 (RLIN) | 40313 |
| 245 10 - Tytuł właściwy i oznaczenie odpow. | |
| tytuł | Histoire des Légions polonaises en Italie, sous le commandement du général Dombrowski. |
| numer części/sekcji pracy | T. 2 / |
| dod. inf. ze s. tyt./ozn. odpow. | par Léonard Chodźko. |
| 250 ## - Oznaczenie wydania | |
| oznaczenie wydania | 2e ed. |
| 260 ## - Adres wydawniczy | |
| miejsce wydania, dystrybucji itp. | Paris ; |
| -- | Genève : |
| nazwa wydawcy, dystrybutora itp. | J. Barbezat, |
| data wydania, dystrybucji itp. | 1829 |
| miejsce druku | (Paris : |
| nazwa drukarni | J. Pinard). |
| 300 ## - Opis fizyczny | |
| objętość i/lub forma materiału | [8], 596 s., [1] k. tabl. złoż. ; |
| format | 21 cm. |
| 336 ## - Content Type | |
| Term | Tekst |
| Code | txt |
| Source | rdacontent |
| 337 ## - Media Type | |
| Term | Bez urządzenia pośredniczącego |
| Code | n |
| Source | rdamedia |
| 338 ## - Carrier Type | |
| Term | Wolumin |
| Code | nc |
| Source | rdacarrier |
| 380 ## - Form of work | |
| Form of work | Książki |
| 388 1# - TIME PERIOD OF CREATION | |
| Time period of creation term | 1801-1900 |
| 510 4# - Uwaga o cytowaniu lub źródłach opisu bibliogr. | |
| nazwa źródła | Estr XIX wyd. 2, |
| lokaliz. opracowania w źródle | t. 3 s. 151. |
| 530 ## - Uwaga o dod. formie fiz. materiału | |
| uwaga o dodatkowej fizycznej formie dokumentu | Dostępny równierz w formie elektronicznej. |
| 546 ## - Uwaga o języku opisywanego materiału | |
| uwaga o języku | Tekst częśc. w jęz. pol. i fr. |
| 600 17 - Hasło przedmiotowe-nazwa osobowa | |
| nazwa osobowa | Dąbrowski, Jan Henryk |
| daty biograficzne | (1755-1818) |
| źródło hasła | DBN |
| 9 (RLIN) | 40315 |
| 600 14 - Hasło przedmiotowe-nazwa osobowa | |
| nazwa osobowa | Dąbrowski, Jan Henryk |
| daty biograficzne | (1755-1818). |
| źródło hasła | kaba |
| 9 (RLIN) | 1057 |
| 610 27 - Hasło przedmiotowe-nazwa ciała zbior. | |
| nazwa ciała zbior. lub geogr. | Legiony Polskie (1797-1801) |
| źródło hasła | DBN |
| 9 (RLIN) | 40316 |
| 610 24 - Hasło przedmiotowe-nazwa ciała zbior. | |
| nazwa ciała zbior. lub geogr. | Legiony Polskie we Włoszech. |
| źródło hasła | kaba |
| 9 (RLIN) | 1752 |
| 648 #7 - SUBJECT ADDED ENTRY--CHRONOLOGICAL TERM | |
| Chronological term | 1701-1800 |
| Source of heading or term | DBN |
| 9 (RLIN) | 36035 |
| 648 #7 - SUBJECT ADDED ENTRY--CHRONOLOGICAL TERM | |
| Chronological term | 1801-1900 |
| Source of heading or term | DBN |
| 9 (RLIN) | 36037 |
| 650 #7 - Hasło przedmiotowe-nazwa pospolita | |
| nazwa pospolita lub geogr. | Wojsko |
| źródło hasła | DBN |
| 9 (RLIN) | 35355 |
| 651 #7 - Hasło przedmiotowe-nazwa geogr. | |
| nazwa geograficzna | Polska |
| źródło hasła | DBN |
| 9 (RLIN) | 35076 |
| 651 #7 - Hasło przedmiotowe-nazwa geogr. | |
| nazwa geograficzna | Włochy |
| źródło hasła | DBN |
| 9 (RLIN) | 37698 |
| 655 #7 - Termin określający rodzaj/formę | |
| rodzaj/forma | Opracowanie |
| źródło terminu | DBN |
| 9 (RLIN) | 35024 |
| 655 #7 - Termin określający rodzaj/formę | |
| rodzaj/forma | Wydawnictwo źródłowe |
| źródło terminu | DBN |
| 9 (RLIN) | 35066 |
| 658 ## - Nazwa określająca cel programu nauczania | |
| główny cel programu nauczania | Bezpieczeństwo i wojskowość |
| 658 ## - Nazwa określająca cel programu nauczania | |
| główny cel programu nauczania | Historia |
| 856 41 - Elektroniczne źródła danych i spos. dost. | |
| URL (Uniform Resource Locator) | <a href="http://www.dbc.wroc.pl/dlibra/publication/6536">http://www.dbc.wroc.pl/dlibra/publication/6536</a> |
| 942 ## - ADDED ENTRY ELEMENTS (KOHA) | |
| Source of classification or shelving scheme | Dewey Decimal Classification |
| Koha item type | pozycje dostępne na miejscu |
| Status wycofania | Status zagubienia | Klasyfikacja | Status uszkodzenia | Blokada wypożyczeń | Kolekcja | Lokalizacja macierzysta | Lokalizacja bieżąca | Data nabycia | Numer akcesji | Nr inwentarzowy | il. wypożyczeń | Sygnatura | Kod kreskowy | Date last seen | Price effective from | Typ egz. |
|---|---|---|---|---|---|---|---|---|---|---|---|---|---|---|---|---|
| Dewey Decimal Classification | nieuszkodzona | Pracownia Badań Księgozbiorów Historycznych | Biblioteka Instytutu Północnego w Olsztynie | Pracownia Badań Księgozbiorów Historycznych | 20/04/2026 | W-52/1965 | 16250 | 16250 | IPWK22189 | 20/04/2026 | 20/04/2026 | pozycje dostępne na miejscu |